Statistics for Who Starred in that TV Show #1

Click here to take the quiz!

General Stats

  • This quiz has been taken 21,709 times
    (12,678 since last reset)
  • The average score is 10 of 20

Answer Stats

TV ShowsStar% Correct
Two and a Half Men, Spin CityCharlie Sheen
96%
That 70's Show, Two and a Half Men, Punk'dAshton Kutcher
87%
Friends, Cougar TownCourteney Cox
82%
It's Always Sunny in Philadelphia, TaxiDanny Devito
59%
Home Improvement, Last Man StandingTim Allen
56%
The Mary Tyler Moore Show, Golden GirlsBetty White
52%
The Cosby Show, That's So Raven, Kim PossibleRaven Symone
52%
Cheers, Becker, CSITed Danson
48%
Desperate Housewives, Lois & Clark: The New Adventures of SupermanTeri Hatcher
45%
Malcolm in the Middle, Breaking BadBryan Cranston
44%
House M.D., Jeeves and WoosterHugh Laurie
43%
Beverly Hills 90210, CharmedShannen Doherty
41%
Who's the Boss?, Taxi, Family LawTony Danza
41%
Batman, Family GuyAdam West
39%
Three's Company, 8 Simple Rules, Hearts AfireJohn Ritter
38%
Roseanne, Treme, DamagesJohn Goodman
37%
Family Guy, Robot Chicken, Buffy the Vampire SlayerSeth Green
35%
Full House, Entourage, How I Met Your MotherBob Saget
33%
Let's Make a Deal, Whose Line is it Anyway?, Don't Forget the LyricsWayne Brady
29%
Saved by the Bell, 90210, White CollarTiffani Thiessen
25%

Score Distribution

Percentile by Number Answered

Percent of People with Each Score

Your Score History

You have not taken this quiz since the last reset